| 000 | 00417nam a2200133Ia 4500 | ||
|---|---|---|---|
| 008 | 260210s9999 xx 000 0 und d | ||
| 024 | _a10B-57-BS, 10B-115-BS & 10B-63-BS | ||
| 082 | _a005.072 TAS | ||
| 100 | _aTaseer Moazzam, Zoha Kurshid & Daniyal Alam Burney | ||
| 245 | 0 | _aGame Inception | |
| 260 |
_aKarachi: _bUITU, _c2010 |
||
| 600 | _aComputer Science | ||
| 650 | _aBachelor of Computer Science (BS) | ||
| 999 |
_c32347 _d32347 |
||